Library Banner

Raddi kaagaz ka tukra (Urdu)(ردی کاغز کا ٹکڑا) (Record no. 65475)

MARC details
000 -LEADER
fixed length control field 00628nam a2200205Ia 4500
001 - CONTROL NUMBER
control field 64326
003 - CONTROL NUMBER IDENTIFIER
control field OSt
005 - DATE AND TIME OF LATEST TRANSACTION
control field 20150702102745.0
008 - FIXED-LENGTH DATA ELEMENTS--GENERAL INFORMATION
fixed length control field 150204s9999 xx 000 0 und d
020 ## - INTERNATIONAL STANDARD BOOK NUMBER
International Standard Book Number NA
040 ## - CATALOGING SOURCE
Transcribing agency PK-LaUMT
082 ## - DEWEY DECIMAL CLASSIFICATION NUMBER
Classification number 891.4393
Item number SIR-R
100 ## - MAIN ENTRY--PERSONAL NAME
Personal name Sirah Hashmi(سراح پاشمی)
245 ## - TITLE STATEMENT
Title Raddi kaagaz ka tukra (Urdu)(ردی کاغز کا ٹکڑا)
Statement of responsibility, etc Sirah Hashmi(سراح ہاشمی)
260 ## - PUBLICATION, DISTRIBUTION, ETC. (IMPRINT)
Place of publication, distribution, etc Lahore,Pakistan:(لاہور، پاکستان )
Name of publisher, distributor, etc Maqbool Academy,(مقبول اکیڈمی)
Date of publication, distribution, etc 1990
300 ## - PHYSICAL DESCRIPTION
Extent 328 p.
546 ## - LANGUAGE NOTE
Language note UR
650 ## - SUBJECT ADDED ENTRY--TOPICAL TERM
Topical term or geographic name as entry element Urdu literature-Pakistan
942 ## - ADDED ENTRY ELEMENTS (KOHA)
Koha item type Books
Source of classification or shelving scheme Dewey Decimal Classification
Holdings
Withdrawn status Lost status Damaged status Not for loan Home library Current library Date acquired Total Checkouts Full call number Barcode Date last seen Date checked out Price effective from Koha item type
        UMT Main Campus UMT Main Campus 2015-02-04 2 891.4393 SIR-R 88559 2022-09-01 2022-08-20 2015-02-04 Books